[Event "Mar del Plata op 42nd"]
[Site "Mar del Plata"]
[Date "2011.04.17"]
[Round "3"]
[White "Urresti, Alejandro"]
[Black "Mendez, Gustavo"]
[Result "1/2-1/2"]
[WhiteElo "2040"]
[BlackElo "2219"]
[PlyCount "102"]
[EventDate "2011.04.16"]
[EventType "swiss"]
[EventRounds "9"]
[EventCountry "ARG"]
[SourceTitle "EXT 2012"]
[Source "ChessBase"]
[SourceDate "2011.11.24"]
[SourceVersion "1"]
[SourceVersionDate "2011.11.24"]
[SourceQuality "1"]

1. d4 Nf6 2. e3 d5 3. Bd3 e6 4. Nd2 b6 5. f4 Bb7 6. Ngf3 Be7 7. 0-0 0-0 8. Ne5 Ne4 9. Nxe4 dxe4 10. Bc4 Bd5 11. Bxd5 exd5 12. Qg4 Qd6 13. Qg3 Nc6 14. Bd2 Nd8 15. a3 f6 16. Ng4 Nf7 17. Rac1 c5 18. c4 dxc4 19. Rxc4 Qd5 20. Rfc1 Nd6 21. R4c2 Nf5 22. Qh3 cxd4 23. b4 Bd6 24. Rc4 b5 25. Rc6 Rad8 26. Kh1 dxe3 27. Nxe3 Nxe3 28. Bxe3 Bxf4 29. R6c5 Qd3 30. R5c3 Qe2 31. Qe6+ Kh8 32. Qxe4 Rd2 33. Rc8 Bd6 34. Rxf8+ Bxf8 35. Qa8 Kg8 36. Bxd2 Qxd2 37. Rf1 Qd3 38. Qf3 Qc4 39. Rd1 a5 40. Qd5+ Qxd5 41. Rxd5 axb4 42. axb4 Bxb4 43. Rxb5 Bc3 44. Rb7 h5 45. g3 Kh7 46. Kg2 Kh6 47. h4 g5 48. hxg5+ fxg5 49. Rb6+ Kg7 50. Kf3 Bf6 51. Ke4 Kg6 1/2-1/2